20 Largest cities in Canada - Statistics

General Stats
  • This quiz has been taken 26 times
  • The average score is 13 of 20
Answer Stats
Population Answer % Correct
1,762,949 Montreal
100%
1,017,449 Ottawa
100%
2,794,356 Toronto
100%
662,248 Vancouver
100%
1,306,784 Calgary
96%
1,010,899 Edmonton
96%
549,459 Quebec City
92%
749,607 Winnipeg
88%
439,819 Halifax
75%
422,324 London
75%
266,141 Saskatoon
67%
569,353 Hamilton
63%
256,885 Kitchener
46%
717,961 Mississauga
46%
436,366 Laval
33%
656,480 Brampton
25%
568,322 Surrey
25%
291,041 Gatineau
13%
323,103 Vaughan
13%
338,503 Markham
8%
No matching quizzes found
Score Distribution
Percent of People with Each Score
Percentile by Number Answered
Your Score History
You have not taken this quiz